[Event "Winnipeg Mike Shpan Memorial"]
[Site "Winnipeg"]
[Date "2006.11.21"]
[Round "3"]
[White "Green, Aaron"]
[Black "Kohalmi, Andy"]
[Result "0-1"]
[WhiteElo "1376"]
[BlackElo "1677"]
[PlyCount "46"]
[EventDate "2006.11.07"]
[EventType "swiss"]
[EventRounds "6"]
[EventCountry "CAN"]
[SourceTitle "EXT 2019"]
[Source "ChessBase"]
[SourceDate "2018.10.10"]
[SourceVersion "1"]
[SourceVersionDate "2018.10.10"]
[SourceQuality "1"]

1. e4 c5 2. Nf3 d6 3. d4 cxd4 4. Nxd4 Nf6 5. Nc3 a6 6. Be3 e5 7. Nb3 Be6 8. f3 Be7 9. Qd2 Nbd7 10. 0-0-0 b5 11. g4 Nb6 12. h4 Nc4 13. Bxc4 bxc4 14. Na1 Rb8 15. Rdg1 d5 16. exd5 Nxd5 17. Nxd5 Bxd5 18. Qf2 Qa5 19. a3 c3 20. Kb1 Rxb2+ 21. Kc1 Qxa3 22. Nb3 Bxb3 23. cxb3 Qa1# 0-1

[Event "Winnipeg TNT March op"]
[Site "Winnipeg"]
[Date "2006.03.28"]
[Round "4"]
[White "Kohalmi, Andy"]
[Black "Wasserman, Leor"]
[Result "1-0"]
[WhiteElo "1704"]
[BlackElo "1331"]
[PlyCount "51"]
[EventDate "2006.03.07"]
[EventType "swiss"]
[EventRounds "4"]
[EventCountry "CAN"]
[SourceTitle "EXT 2007"]
[Source "ChessBase"]
[SourceDate "2006.11.23"]
[SourceVersion "1"]
[SourceVersionDate "2006.11.23"]
[SourceQuality "1"]

1. Nf3 Nc6 2. d4 d5 3. e3 Nf6 4. Bd3 e6 5. 0-0 Be7 6. b3 0-0 7. Bb2 b6 8. Nbd2 Bb7 9. c4 Nb4 10. Bb1 c5 11. Ne5 Nd7 12. f4 f6 13. Qh5 h6 14. Qg6 Nxe5 15. fxe5 f5 16. Qxe6+ Kh8 17. Rxf5 Bc8 18. Rxf8+ Qxf8 19. Qg6 Kg8 20. e6 Bxe6 21. Qh7+ Kf7 22. Bg6+ Kf6 23. Rf1+ Kg5 24. Rxf8 Rxf8 25. Nf3+ Kg4 26. dxc5 1-0

[Event "Winnipeg TNT March op"]
[Site "Winnipeg"]
[Date "2006.03.07"]
[Round "1"]
[White "Kohalmi, Andy"]
[Black "Green, Aaron"]
[Result "1-0"]
[WhiteElo "1704"]
[BlackElo "1356"]
[PlyCount "39"]
[EventDate "2006.03.07"]
[EventType "swiss"]
[EventRounds "4"]
[EventCountry "CAN"]
[SourceTitle "EXT 2007"]
[Source "ChessBase"]
[SourceDate "2006.11.23"]
[SourceVersion "1"]
[SourceVersionDate "2006.11.23"]
[SourceQuality "1"]

1. d4 Nf6 2. Nf3 g6 3. c4 Bg7 4. Nc3 0-0 5. e4 d6 6. Be2 Nbd7 7. 0-0 e5 8. h3 Ne8 9. Bg5 Ndf6 10. dxe5 h6 11. exf6 hxg5 12. fxg7 Kxg7 13. Nh2 Nf6 14. Qd2 Rh8 15. e5 Nh5 16. Bxh5 Rxh5 17. Ne4 Qe7 18. Ng3 Rh7 19. exd6 cxd6 20. Qd4+ 1-0

[Event "Winnipeg Kent Oliver Memorial"]
[Site "Winnipeg"]
[Date "2006.01.21"]
[Round "2"]
[White "Kohalmi, Andy"]
[Black "McTavish, David"]
[Result "0-1"]
[WhiteElo "1723"]
[BlackElo "2173"]
[PlyCount "72"]
[EventDate "2006.01.20"]
[EventType "swiss"]
[EventRounds "5"]
[EventCountry "CAN"]
[SourceTitle "EXT 2007"]
[Source "ChessBase"]
[SourceDate "2006.11.23"]
[SourceVersion "1"]
[SourceVersionDate "2006.11.23"]
[SourceQuality "1"]

1. d4 Nf6 2. Nf3 g6 3. c4 Bg7 4. g3 0-0 5. Bg2 d5 6. cxd5 Nxd5 7. 0-0 Nb6 8. h3 Nc6 9. e3 e5 10. dxe5 Nxe5 11. Nd4 c5 12. Nb5 Nd3 13. Qc2 Nxc1 14. Rxc1 Bf5 15. e4 Be6 16. Rd1 Qe7 17. Nd2 a6 18. Nc3 Rad8 19. Nf3 Nc4 20. Nd5 Bxd5 21. exd5 b5 22. Rab1 Nb6 23. Nh2 h5 24. Qd2 Nc4 25. Qc2 Qf6 26. a4 Nxb2 27. Rxb2 Qxb2 28. Qxb2 Bxb2 29. Rb1 Bd4 30. axb5 axb5 31. Rxb5 Rb8 32. Rxb8 Rxb8 33. Nf1 c4 34. Ne3 Rb1+ 35. Kh2 Bxe3 36. fxe3 Re1 0-1

[Event "Winnipeg TNT Aug op"]
[Site "Winnipeg"]
[Date "2005.08.02"]
[Round "1"]
[White "Kohalmi, Andy"]
[Black "Boron, Anthony"]
[Result "1-0"]
[WhiteElo "1605"]
[BlackElo "1981"]
[PlyCount "67"]
[EventDate "2005.08.02"]
[EventType "swiss"]
[EventRounds "4"]
[EventCountry "CAN"]
[SourceTitle "EXT 2007"]
[Source "ChessBase"]
[SourceDate "2006.11.23"]
[SourceVersion "1"]
[SourceVersionDate "2006.11.23"]
[SourceQuality "1"]

1. d4 d5 2. Nf3 Nf6 3. e3 Bg4 4. Nbd2 e6 5. b3 Nbd7 6. Be2 c5 7. Bb2 Bd6 8. 0-0 Qc7 9. Rc1 Ne4 10. dxc5 Ndxc5 11. h3 h5 12. Bb5+ Ke7 13. Be2 Rag8 14. c4 Nxd2 15. Qxd2 dxc4 16. Rxc4 Qb8 17. Rd1 Rd8 18. Qc2 Bf5 19. Qc1 b6 20. Kf1 Qb7 21. Nh4 Be4 22. f3 Bd5 23. Rc2 Bg3 24. b4 Na6 25. e4 Bxh4 26. exd5 f6 27. Kg1 Rd7 28. Bb5 Rdd8 29. Bxa6 Qxa6 30. Rc7+ Kf8 31. dxe6 Re8 32. Rf7+ Kg8 33. Qc7 Rh7 34. Rdd7 1-0

[Event "Albert Boxer Classic op"]
[Site "Winnipeg"]
[Date "2005.05.15"]
[Round "5"]
[White "Kohalmi, Andy"]
[Black "Khedkar, Jay S"]
[Result "1/2-1/2"]
[WhiteElo "1589"]
[BlackElo "1975"]
[PlyCount "101"]
[EventDate "2005.05.13"]
[EventType "swiss"]
[EventRounds "5"]
[EventCountry "CAN"]
[SourceTitle "CBM 106 Extra"]
[Source "ChessBase"]
[SourceDate "2005.07.01"]
[SourceVersion "1"]
[SourceVersionDate "2005.07.01"]
[SourceQuality "1"]

1. Nf3 Nf6 2. c4 e6 3. Nc3 d5 4. e3 Nbd7 5. d4 c6 6. cxd5 exd5 7. Bd3 Bd6 8. 0-0 0-0 9. a3 Re8 10. Qc2 Nf8 11. h3 Ne6 12. Bd2 g6 13. Rae1 Ng7 14. Kh1 Bf5 15. Bxf5 Nxf5 16. g4 Ng7 17. e4 Nxe4 18. Nxe4 dxe4 19. Rxe4 Qd7 20. Rfe1 Rxe4 21. Rxe4 Re8 22. Rxe8+ Qxe8 23. Bc3 Qe6 24. Qd3 h5 25. Qe3 hxg4 26. Qxe6 Nxe6 27. hxg4 Nf4 28. Ng5 Ne2 29. Ne4 Be7 30. a4 Nxc3 31. bxc3 Kg7 32. Kg2 f5 33. gxf5 gxf5 34. Ng3 Kf6 35. Kf3 Bd6 36. Ne2 b5 37. axb5 cxb5 38. Ke3 Ke6 39. Nc1 Kd5 40. Kd3 a5 41. Nb3 a4 42. Na5 Be7 43. f3 Bd6 44. c4+ bxc4+ 45. Nxc4 a3 46. Nd2 Bf4 47. Nb3 Bg5 48. Na1 Bf6 49. Nc2 Be7 50. Na1 Bf8 51. Kc3 1/2-1/2

[Event "Albert Boxer Classic op"]
[Site "Winnipeg"]
[Date "2005.05.13"]
[Round "1"]
[White "Tang, Edward"]
[Black "Kohalmi, Andy"]
[Result "1-0"]
[WhiteElo "2018"]
[BlackElo "1589"]
[PlyCount "60"]
[EventDate "2005.05.13"]
[EventType "swiss"]
[EventRounds "5"]
[EventCountry "CAN"]
[SourceTitle "CBM 106 Extra"]
[Source "ChessBase"]
[SourceDate "2005.07.01"]
[SourceVersion "1"]
[SourceVersionDate "2005.07.01"]
[SourceQuality "1"]

1. e4 d5 2. d3 d4 3. f4 Nf6 4. Nf3 Bg4 5. Be2 Bxf3 6. Bxf3 e6 7. 0-0 Bc5 8. Kh1 0-0 9. c4 c6 10. Na3 a5 11. Nc2 Ne8 12. b3 f6 13. Bd2 e5 14. f5 Qe7 15. g4 Nd7 16. h4 g6 17. Bh6 Rf7 18. Qd2 Bb4 19. Qe2 Bc3 20. Rab1 g5 21. hxg5 fxg5 22. Qh2 Qf6 23. Rf2 c5 24. Qh5 Bd2 25. Rxd2 Ra6 26. Qxg5+ Qxg5 27. Bxg5 h6 28. Bh4 b6 29. Rh2 Rh7 30. a4 Ra7 1-0

[Event "Winnipeg Easter op"]
[Site "Winnipeg"]
[Date "2005.04.17"]
[Round "5"]
[White "Kohalmi, Andy"]
[Black "Oberton, Daniel"]
[Result "1/2-1/2"]
[WhiteElo "1605"]
[BlackElo "1398"]
[PlyCount "67"]
[EventDate "2005.04.15"]
[EventType "swiss"]
[EventRounds "5"]
[EventCountry "CAN"]
[SourceTitle "EXT 2006"]
[Source "ChessBase"]
[SourceDate "2005.11.24"]
[SourceVersion "1"]
[SourceVersionDate "2005.11.24"]
[SourceQuality "1"]

1. d4 Nf6 2. Nf3 g6 3. c4 Bg7 4. Nc3 d6 5. g3 Bf5 6. Bg2 0-0 7. Nh4 c6 8. Nxf5 gxf5 9. 0-0 d5 10. cxd5 cxd5 11. e3 Nc6 12. b3 Rc8 13. Bb2 e6 14. Rc1 Qd7 15. Qe2 a6 16. Na4 Qd6 17. Rc2 Nb4 18. Rxc8 Rxc8 19. Ba3 a5 20. Qb5 b6 21. Bxb4 axb4 22. Qxb6 Qxb6 23. Nxb6 Rc6 24. Na4 Rc2 25. Ra1 Ne4 26. Bxe4 fxe4 27. a3 bxa3 28. Rxa3 e5 29. dxe5 Bxe5 30. b4 Rc1+ 31. Kg2 Rb1 32. Nb6 Rxb4 33. Nxd5 Rc4 34. Ra5 1/2-1/2

[Event "Winnipeg Winter op"]
[Site "Winnipeg"]
[Date "2005.02.13"]
[Round "5"]
[White "Kohalmi, Andy"]
[Black "Oberton, Daniel"]
[Result "1-0"]
[WhiteElo "1624"]
[BlackElo "1621"]
[PlyCount "107"]
[EventDate "2005.02.11"]
[EventType "swiss"]
[EventRounds "5"]
[EventCountry "CAN"]
[SourceTitle "EXT 2006"]
[Source "ChessBase"]
[SourceDate "2005.11.24"]
[SourceVersion "1"]
[SourceVersionDate "2005.11.24"]
[SourceQuality "1"]

1. d4 Nf6 2. Nf3 e6 3. e3 g6 4. b3 Bg7 5. Bb2 Nc6 6. c4 d5 7. Nc3 0-0 8. Bd3 Re8 9. 0-0 dxc4 10. Bxc4 b6 11. Qe2 Bb7 12. Ba6 Qc8 13. Bxb7 Qxb7 14. Rac1 Rad8 15. Rfd1 Nb4 16. a3 Nbd5 17. h3 Nxc3 18. Bxc3 Ne4 19. Bb2 a5 20. Rc2 Rc8 21. Rdc1 c5 22. Qb5 Nd6 23. Qe2 cxd4 24. Bxd4 Bxd4 25. Nxd4 Rxc2 26. Rxc2 Rc8 27. f3 Rxc2 28. Qxc2 b5 29. Kf2 e5 30. Nc6 Qc7 31. Qc5 e4 32. Qd5 exf3 33. gxf3 Kg7 34. e4 Qb6+ 35. Qd4+ Qxd4+ 36. Nxd4 Kf6 37. Ke3 g5 38. f4 h6 39. e5+ Ke7 40. exd6+ Kxd6 41. Nxb5+ Kd5 42. Nc3+ Ke6 43. Ne4 f6 44. Nc5+ Kf5 45. fxg5 hxg5 46. Nb7 Ke5 47. Nxa5 f5 48. Nc4+ Kd5 49. a4 f4+ 50. Kf3 Kc5 51. a5 Kc6 52. b4 Kb5 53. Nd6+ Ka6 54. Ne4 1-0

[Event "Winnipeg Kent Oliver Memorial"]
[Site "Winnipeg"]
[Date "2005.01.23"]
[Round "5"]
[White "Kohalmi, Andy"]
[Black "Degroot, Stephen"]
[Result "1-0"]
[WhiteElo "1644"]
[BlackElo "1602"]
[PlyCount "67"]
[EventDate "2005.01.21"]
[EventType "swiss"]
[EventRounds "5"]
[EventCountry "CAN"]
[SourceTitle "EXT 2006"]
[Source "ChessBase"]
[SourceDate "2005.11.24"]
[SourceVersion "1"]
[SourceVersionDate "2005.11.24"]
[SourceQuality "1"]

1. d4 Nf6 2. Nf3 e6 3. e3 b6 4. Bd3 Bb7 5. Nbd2 d5 6. b3 c5 7. Bb2 Be7 8. 0-0 0-0 9. Rc1 Nbd7 10. Re1 Ne4 11. c4 Rc8 12. Qc2 Ndf6 13. dxc5 bxc5 14. Red1 Qb6 15. h3 h6 16. Qb1 Nxd2 17. Nxd2 d4 18. exd4 cxd4 19. Nf3 Bxf3 20. gxf3 Bc5 21. Re1 Nh5 22. Re4 f5 23. Rh4 g6 24. Re1 Qd8 25. Rxh5 gxh5 26. Rxe6 Qg5+ 27. Kh1 Rc7 28. Bc1 Qh4 29. Bxf5 Qxf2 30. Rg6+ Rg7 31. Be6+ Rff7 32. Bxf7+ Kxf7 33. Qf5+ Ke8 34. Rxg7 1-0

[Event "Winnipeg Remembrance op"]
[Site "Winnipeg"]
[Date "2004.11.12"]
[Round "1"]
[White "Kohalmi, Andy"]
[Black "Gushuliak, Justin"]
[Result "1/2-1/2"]
[WhiteElo "1622"]
[BlackElo "2046"]
[PlyCount "74"]
[EventDate "2004.11.12"]
[EventType "swiss"]
[EventRounds "5"]
[EventCountry "CAN"]
[SourceTitle "EXT 2006"]
[Source "ChessBase"]
[SourceDate "2005.11.24"]
[SourceVersion "1"]
[SourceVersionDate "2005.11.24"]
[SourceQuality "1"]

1. Nf3 c5 2. c4 b6 3. e3 Bb7 4. Nc3 Nf6 5. d4 cxd4 6. exd4 e6 7. Bg5 Bb4 8. Rc1 0-0 9. Bd3 d5 10. 0-0 dxc4 11. Be4 Bxe4 12. Nxe4 Nbd7 13. Rxc4 Be7 14. Nxf6+ Nxf6 15. Qc2 Nd5 16. Bxe7 Qxe7 17. h4 f6 18. Re1 Qd7 19. Rc1 b5 20. Rc6 Nb6 21. Rc7 Qd5 22. b3 Rac8 23. Rc5 Qd7 24. Qe4 Rxc5 25. dxc5 Rc8 26. Nd4 e5 27. Nf5 Qd2 28. Rc2 Qd1+ 29. Kh2 Kf8 30. Qb7 Qd7 31. Qxd7 Nxd7 32. c6 Nb8 33. c7 Na6 34. Rc6 Nxc7 35. Nd6 Rd8 36. Rxc7 Rxd6 37. Rxa7 Re6 1/2-1/2

[Event "Winnipeg TNT March op"]
[Site "Winnipeg"]
[Date "2004.03.02"]
[Round "1"]
[White "Schulz, Waldemar"]
[Black "Kohalmi, Andy"]
[Result "1-0"]
[WhiteElo "2088"]
[BlackElo "1584"]
[PlyCount "47"]
[EventDate "2004.03.??"]
[EventType "swiss"]
[EventRounds "5"]
[EventCountry "CAN"]
[SourceTitle "EXT 2006"]
[Source "ChessBase"]
[SourceDate "2005.11.24"]
[SourceVersion "1"]
[SourceVersionDate "2005.11.24"]
[SourceQuality "1"]

1. d4 Nf6 2. c4 e6 3. g3 Bb4+ 4. Bd2 Bxd2+ 5. Nxd2 d5 6. Bg2 c6 7. Ngf3 Qa5 8. 0-0 0-0 9. Qc2 Nbd7 10. Rac1 Qc7 11. b4 dxc4 12. Nxc4 h6 13. e4 b6 14. Nce5 c5 15. Nxd7 Nxd7 16. dxc5 bxc5 17. bxc5 Ba6 18. Rfd1 Bb5 19. Nd4 a6 20. a4 e5 21. axb5 exd4 22. b6 Nxb6 23. cxb6 Qxb6 24. Rb1 1-0

[Event "Winnipeg Winter op"]
[Site "Winnipeg"]
[Date "2004.02.22"]
[Round "5"]
[White "Rutter, Blair A"]
[Black "Kohalmi, Andy"]
[Result "0-1"]
[WhiteElo "1657"]
[BlackElo "1584"]
[PlyCount "76"]
[EventDate "2004.02.??"]
[EventType "swiss"]
[EventRounds "5"]
[EventCountry "CAN"]
[SourceTitle "EXT 2006"]
[Source "ChessBase"]
[SourceDate "2005.11.24"]
[SourceVersion "1"]
[SourceVersionDate "2005.11.24"]
[SourceQuality "1"]

1. c4 Nf6 2. d4 g6 3. Nc3 Bg7 4. g3 d5 5. Bg2 dxc4 6. Qa4+ Nbd7 7. e4 0-0 8. Qxc4 Nb6 9. Qd3 Ng4 10. Nge2 c5 11. d5 Ne5 12. Qd1 Bg4 13. 0-0 Bf3 14. Be3 Rc8 15. Rc1 Nbc4 16. Qb3 b6 17. Bxf3 Nxf3+ 18. Kg2 Nfd2 19. Qb5 Nxe3+ 20. fxe3 Nxf1 21. Rxf1 Qd6 22. Nb1 e6 23. Nec3 exd5 24. exd5 Rfe8 25. e4 Re5 26. Qa6 Qd7 27. Nd2 Rh5 28. Rf2 Qh3+ 29. Kh1 Qd7 30. d6 Re8 31. Nb5 Be5 32. Nc4 Bxg3 33. Qxa7 Qxa7 34. Nxa7 Bxf2 35. Nc6 Rg5 36. h4 Rg1+ 37. Kh2 Rxe4 38. Ne7+ Kf8 0-1

[Event "Winnipeg TNT Febr op"]
[Site "Winnipeg"]
[Date "2004.02.03"]
[Round "1"]
[White "Kohalmi, Andy"]
[Black "Cleto, Sam"]
[Result "0-1"]
[WhiteElo "1584"]
[BlackElo "1865"]
[PlyCount "45"]
[EventDate "2004.02.??"]
[EventType "swiss"]
[EventRounds "4"]
[EventCountry "CAN"]
[SourceTitle "EXT 2006"]
[Source "ChessBase"]
[SourceDate "2005.11.24"]
[SourceVersion "1"]
[SourceVersionDate "2005.11.24"]
[SourceQuality "1"]

1. d4 Nf6 2. Nf3 e6 3. e3 Be7 4. Bd3 0-0 5. Nbd2 d5 6. 0-0 c5 7. b3 Nc6 8. Bb2 cxd4 9. exd4 Nb4 10. Be2 Qc7 11. c3 Nc6 12. Rc1 a6 13. Bd3 b5 14. Re1 Qf4 15. c4 Bb4 16. cxd5 exd5 17. Rxc6 Bg4 18. Re2 Rfe8 19. Rxe8+ Rxe8 20. Kf1 Ne4 21. g3 Nxd2+ 22. Qxd2 Bh3+ 23. Kg1 0-1

[Event "Winnipeg Mike Shpan Memorial"]
[Site "Winnipeg"]
[Date "2003.12.02"]
[Round "4"]
[White "Kohalmi, Andy"]
[Black "Pottinger, Carl"]
[Result "1/2-1/2"]
[WhiteElo "1462"]
[BlackElo "1602"]
[PlyCount "114"]
[EventDate "2003.11.04"]
[EventType "swiss"]
[EventRounds "6"]
[EventCountry "CAN"]
[SourceTitle "EXT 2006"]
[Source "ChessBase"]
[SourceDate "2005.11.24"]
[SourceVersion "1"]
[SourceVersionDate "2005.11.24"]
[SourceQuality "1"]

1. e4 c5 2. Nf3 Nc6 3. g3 g6 4. Bg2 Bg7 5. d3 d6 6. 0-0 Nf6 7. Re1 e5 8. c3 0-0 9. d4 Bd7 10. d5 Ne7 11. a4 Ne8 12. Ng5 h6 13. Nf3 f5 14. exf5 Nxf5 15. Nbd2 a6 16. a5 Bb5 17. Bh3 Kh7 18. Bxf5 gxf5 19. Nh4 Qf6 20. Nf1 Bxf1 21. Kxf1 Nc7 22. Ng2 Nb5 23. Ra4 Rad8 24. Rh4 Qg6 25. Rh5 Nc7 26. Nh4 Qg4 27. Nxf5 Qxd1 28. Rxd1 Rf6 29. g4 Nb5 30. Ke2 Rh8 31. Ng3 Kg8 32. g5 hxg5 33. Rxh8+ Kxh8 34. Bxg5 Rg6 35. h4 Nc7 36. Ne4 Bf8 37. h5 Rg8 38. h6 Ne8 39. Rh1 Kh7 40. Be3 Be7 41. Rh3 Rg6 42. Rg3 Rxg3 43. fxg3 Bf8 44. Ng5+ Kh8 45. Ne6 Be7 46. g4 Nf6 47. Bg5 Nxd5 48. Bxe7 Nxe7 49. Nd8 c4 50. Nxb7 d5 51. Ke3 Kh7 52. g5 Nc6 53. Nc5 Nxa5 54. Nxa6 Nb3 55. Nb4 d4+ 56. cxd4 exd4+ 57. Ke2 Nc5 1/2-1/2

[Event "Winnipeg Thanksgiving op"]
[Site "Winnipeg"]
[Date "2003.10.12"]
[Round "5"]
[White "Kohalmi, Andy"]
[Black "Liebzeit, Mick"]
[Result "1-0"]
[WhiteElo "1461"]
[BlackElo "1253"]
[PlyCount "139"]
[EventDate "2003.10.10"]
[EventType "swiss"]
[EventRounds "5"]
[EventCountry "CAN"]
[SourceTitle "EXT 2006"]
[Source "ChessBase"]
[SourceDate "2005.11.24"]
[SourceVersion "1"]
[SourceVersionDate "2005.11.24"]
[SourceQuality "1"]

1. d4 Nf6 2. c4 g6 3. Nc3 Bg7 4. e4 d6 5. Be2 0-0 6. Be3 Nc6 7. d5 Ne5 8. f3 c5 9. Qd2 Qb6 10. b3 Ne8 11. Bd1 f5 12. Nge2 fxe4 13. fxe4 Ng4 14. Bf4 Qa5 15. Rc1 Nef6 16. 0-0 Nh5 17. h3 Nxf4 18. Rxf4 Rxf4 19. Nxf4 Bd4+ 20. Kf1 Ne3+ 21. Ke2 Bd7 22. Nb5 Qxd2+ 23. Kxd2 Bxb5 24. cxb5 Rf8 25. g3 Nf1+ 26. Kd3 Nxg3 27. Ne6 Rf2 28. Nxd4 cxd4 29. Bg4 Rxa2 30. Be6+ Kg7 31. Rc7 Kf6 32. Rxb7 Ra3 33. Kxd4 Rxb3 34. Kc4 Nxe4 35. Rxa7 Nc5 36. Ra8 Re3 37. b6 Rxe6 38. dxe6 Kxe6 39. Kb5 Kd7 40. Ra7+ Kd8 41. Kc6 Ke8 42. b7 Nxb7 43. Rxb7 Kf7 44. Kd5 Kf6 45. h4 h6 46. Ra7 g5 47. hxg5+ hxg5 48. Ra8 Kf5 49. Rf8+ Kg4 50. Ke6 Kh3 51. Rh8+ Kg3 52. Kf5 e5 53. Rh6 Kf3 54. Rh3+ Kg2 55. Rd3 g4 56. Kxg4 e4 57. Rd2+ Kf1 58. Kf4 d5 59. Rxd5 e3 60. Kxe3 Kg2 61. Rg5+ Kf1 62. Kf3 Ke1 63. Rg2 Kf1 64. Rb2 Ke1 65. Rh2 Kd1 66. Ke3 Kc1 67. Kd3 Kb1 68. Kc3 Ka1 69. Kb3 Kb1 70. Rh1# 1-0

[Event "Winnipeg Game a Month op2"]
[Site "Winnipeg"]
[Date "2003.06.08"]
[Round "4"]
[White "Kohalmi, Andy"]
[Black "Taylor, Evan"]
[Result "1-0"]
[WhiteElo "1461"]
[BlackElo "1402"]
[PlyCount "61"]
[EventDate "2003.09.??"]
[EventType "swiss"]
[EventRounds "4"]
[EventCountry "CAN"]
[SourceTitle "EXT 2006"]
[Source "ChessBase"]
[SourceDate "2005.11.24"]
[SourceVersion "1"]
[SourceVersionDate "2005.11.24"]
[SourceQuality "1"]

1. d4 Nf6 2. c4 e6 3. Nf3 d5 4. e3 dxc4 5. Bxc4 Nbd7 6. 0-0 Be7 7. Nc3 0-0 8. e4 a6 9. a4 c6 10. Re1 Qa5 11. Bd2 Qc7 12. e5 Nd5 13. Ne4 Qb6 14. Qb1 Qd8 15. Neg5 f5 16. Nxe6 Qe8 17. Bxd5 cxd5 18. Nc7 Qh5 19. Nxa8 g5 20. Kh1 Kh8 21. Qa2 Rg8 22. Qxd5 g4 23. Ng1 Bh4 24. g3 Bg5 25. Bxg5 Qxg5 26. Nc7 Qd2 27. Re2 Qg5 28. e6 Nf6 29. Qe5 Bxe6 30. Nxe6 Qh5 31. Qxf6+ 1-0